| 000 | 01089nam a22002657a 4500 | ||
|---|---|---|---|
| 003 | PE SENCICO BE | ||
| 005 | 20251020182706.0 | ||
| 008 | 240219b |||||||| |||| 00| 0 eng d | ||
| 040 |
_aPE SENCICO BE _cPE SENCICO BE |
||
| 041 | _aspa | ||
| 084 |
_aI _aDIS _a2013 _bR61 |
||
| 100 | 1 |
_91961 _aRimari Barrientos, Alma Linda _eautor |
|
| 245 | 1 |
_aProcesos para desarrollar un anteproyecto de diseño interior / _cAlma Linda Rimari Barrientos |
|
| 246 | _aProyecto remodelación salón de belleza | ||
| 260 |
_aLima : _c2013 |
||
| 300 |
_a[70] h. : _bplans.; _c30 x 40 cm. |
||
| 502 | _aMonografía de Titulación.-- Servicio Nacional de Capacitación para la Industria de la Construcción. Escuela Superior Técnica. Carrera Profesional Técnica en Diseño de Interiores, 2013 | ||
| 650 | 1 | 0 |
_944 _aDiseño de interiores |
| 650 | 2 | 0 |
_91954 _aSalones de belleza |
| 650 | 2 | 0 |
_9615 _aPlanos |
| 650 | 2 | 0 |
_9846 _aAcabados |
| 710 | 1 |
_aServicio Nacional de Capacitación para la Industria de la Construcción. _bEscuela Superior Técnica _91065 |
|
| 910 |
_bhfp _chfp |
||
| 942 |
_cMON _2ddc |
||
| 999 |
_c4950 _d4950 |
||